Normal view
MARC view
Entry Personal Name
001 - CONTROL NUMBER
- control field: 30465
003 - CONTROL NUMBER IDENTIFIER
- control field: dpl
005 - DATE AND TIME OF LATEST TRANSACTION
- control field: 20110729111616.0
008 - FIXED-LENGTH DATA ELEMENTS
- fixed length control field: 110729|||a|||||| | ||| d
040 ## - CATALOGING SOURCE
- Original cataloging agency: dpl
- Transcribing agency: dpl
100 ## - HEADING--PERSONAL NAME
- Personal name: Gandhi, Indira,
- Dates associated with a name: 1917-1984.
670 ## - SOURCE DATA FOUND
- Source citation: Work cat.: (dpl)0: Jayakar, Pupul. 30464, Indira Gandhi :, 1995.
670 ## - SOURCE DATA FOUND
- Source citation: Work cat.: (dpl)0: Jayakar, Pupul. 30464, Indira Gandhi :, 1995.
